=LDR 00000nam 2200000 4500 =001 INLIS000000000041311 =005 20130612150843 =008 ***********************************ind** =035 ##$$a0010-061300000041311 =041 ##$$a ind =082 ##$$a 634.905 =090 ##$$a 634.905, Bul b =245 ##$$a Buletin hasil hutan volume 17 nomor 1, april 2010 =260 ##$$a 2010 $b Jakarta =300 ##$$a 69 hlm, 22cm =650 ##$$a Hutan dan Kehutanan-Buletin =710 ##$$a Badan Penelitian dan Pengembangan Kehutanan Kementrian Kehutanan RI =850 ##$$a NNT-CD =990 ##$$a 21400613/BPAP-NTB/20142014